[Event "DEM U16w 2019"]
[Site "Willingen GER"]
[Date "2019.06.09"]
[Round "2"]
[White "Brunner, Sophia"]
[Black "Bui, Ngoc Han Julia"]
[Result "1/2-1/2"]
[Termination "normal"]
[Board "2"]
[WhiteElo "1839"]
[BlackElo "1973"]
[WhiteClock "00:11:33"]
[BlackClock "00:12:32"]
[PlyCount "67"]
[WhiteFideId "12960683"]
[BlackFideId "12977055"]
[EventCountry "GER"]
[EventRounds "9"]
[EventType "swiss"]
[EventDate "2019.06.08"]

1. d4 {[%clk 1:30:59]} 1... Nf6 {[%clk 1:30:55]} 2. Nf3 {[%clk 1:31:11]} 2...
g6 {[%clk 1:31:17]} 3. g3 {[%clk 1:31:36]} 3... Bg7 {[%clk 1:31:34]} 4. Bg2 {
[%clk 1:31:52]} 4... O-O {[%clk 1:31:15]} 5. O-O {[%clk 1:32:04]} 5... d6 {
[%clk 1:30:42]} 6. c4 {[%clk 1:30:25]} 6... Nfd7 {[%clk 1:27:59]} 7. d5 { [%clk
1:17:15]} 7... Nb6 {[%clk 1:12:31]} 8. Qc2 {[%clk 1:01:22]} 8... c6 { [%clk
1:10:06]} 9. Rd1 {[%clk 0:54:56]} 9... Qc7 {[%clk 1:07:47]} 10. Qb3 { [%clk
0:48:29]} 10... N8d7 {[%clk 1:00:49]} 11. Be3 {[%clk 0:43:20]} 11... cxd5
{[%clk 0:55:19]} 12. cxd5 {[%clk 0:40:51]} 12... Qc4 {[%clk 0:49:57]} 13. Nbd2
{[%clk 0:17:39]} 13... Qxb3 {[%clk 0:41:38]} 14. Nxb3 {[%clk 0:18:07]} 14...
Nc4 {[%clk 0:34:11]} 15. Bd4 {[%clk 0:17:09]} 15... Nxb2 {[%clk 0:32:21]} 16.
Bxg7 {[%clk 0:17:05]} 16... Kxg7 {[%clk 0:29:42]} 17. Rd4 {[%clk 0:16:09]}
17... b5 {[%clk 0:26:21]} 18. Na5 {[%clk 0:14:36]} 18... Ba6 {[%clk 0:18:55]}
19. Rb4 {[%clk 0:11:27]} 19... Na4 {[%clk 0:18:07]} 20. Nd4 {[%clk 0:11:33]}
20... Nf6 {[%clk 0:12:32]} 21. e4 Nc5 22. f3 e6 23. dxe6 fxe6 24. Nxb5 Rab8 25.
Rab1 Bxb5 26. Rxb5 Rxb5 27. Rxb5 Nfd7 28. Nb3 Rc8 29. Nxc5 Nxc5 30. Bf1 Kf6 31.
Rb4 g5 32. Kf2 Ke5 33. Ke3 Rf8 34. Be2 1/2-1/2

[Event "DEM U16w 2019"]
[Site "Willingen GER"]
[Date "2019.06.09"]
[Round "2"]
[White "Wagner, Victoria"]
[Black "Khamenya, Vitalia"]
[Result "1-0"]
[Termination "normal"]
[Board "3"]
[WhiteElo "1808"]
[BlackElo "1877"]
[WhiteClock "00:12:38"]
[BlackClock "00:23:03"]
[PlyCount "77"]
[WhiteFideId "16232348"]
[BlackFideId "12959260"]
[EventCountry "GER"]
[EventRounds "9"]
[EventType "swiss"]
[EventDate "2019.06.08"]

1. e4 {[%clk 1:30:58]} 1... e5 {[%clk 1:30:53]} 2. Nf3 {[%clk 1:31:24]} 2...
Nc6 {[%clk 1:31:19]} 3. Bc4 {[%clk 1:31:29]} 3... Bc5 {[%clk 1:31:44]} 4. O-O {
[%clk 1:30:31]} 4... Nf6 {[%clk 1:32:08]} 5. d3 {[%clk 1:30:52]} 5... d6 {
[%clk 1:32:03]} 6. c3 {[%clk 1:30:28]} 6... O-O {[%clk 1:30:48]} 7. a4 { [%clk
1:28:51]} 7... a6 {[%clk 1:31:11]} 8. h3 {[%clk 1:27:37]} 8... h6 { [%clk
1:30:28]} 9. Re1 {[%clk 1:25:50]} 9... Ba7 {[%clk 1:29:57]} 10. Nbd2 { [%clk
1:23:03]} 10... Ne7 {[%clk 1:29:46]} 11. Nf1 {[%clk 1:17:14]} 11... Ng6 { [%clk
1:23:57]} 12. Ng3 {[%clk 1:11:34]} 12... Re8 {[%clk 1:18:22]} 13. Qc2 { [%clk
1:02:34]} 13... Be6 {[%clk 1:14:51]} 14. Bxe6 {[%clk 0:57:09]} 14... Rxe6
{[%clk 1:14:13]} 15. Nf5 {[%clk 0:53:26]} 15... Nh5 {[%clk 1:10:33]} 16. d4 {
[%clk 0:46:11]} 16... Nhf4 {[%clk 0:57:58]} 17. Kh2 {[%clk 0:42:30]} 17... Re8
{[%clk 0:57:39]} 18. g3 {[%clk 0:36:20]} 18... Ne6 {[%clk 0:57:27]} 19. d5 {
[%clk 0:32:35]} 19... Nef8 {[%clk 0:57:04]} 20. Bd2 {[%clk 0:30:47]} 20... Ne7
{[%clk 0:33:51]} 21. Nxe7+ {[%clk 0:27:00]} 21... Qxe7 {[%clk 0:33:42]} 22. Rf1
{[%clk 0:26:15]} 22... Ng6 {[%clk 0:33:31]} 23. Qc1 {[%clk 0:24:44]} 23... Kh7
{[%clk 0:31:56]} 24. h4 {[%clk 0:23:58]} 24... Qd7 {[%clk 0:30:17]} 25. Qd1 {
[%clk 0:22:30]} 25... Kg8 {[%clk 0:29:28]} 26. h5 {[%clk 0:21:13]} 26... Ne7 {
[%clk 0:27:58]} 27. Nh4 {[%clk 0:20:45]} 27... Kh7 {[%clk 0:24:33]} 28. f4 {
[%clk 0:19:43]} 28... exf4 {[%clk 0:23:37]} 29. Rxf4 {[%clk 0:18:16]} 29... Ng8
{[%clk 0:23:21]} 30. Qf3 {[%clk 0:16:27]} 30... Nf6 {[%clk 0:23:03]} 31. Nf5 {
[%clk 0:12:38]} 31... Re5 32. Nxg7 Kxg7 33. Rxf6 Rh8 34. Rf1 Re7 35. Qf4 Kg8
36. Rg6+ fxg6 37. Qf8+ Kh7 38. Qxh6+ Kg8 39. Rf8# 1-0

[Event "DEM U16w 2019"]
[Site "Willingen GER"]
[Date "2019.06.09"]
[Round "2"]
[White "Bardorz, Jana"]
[Black "Klemke, Kassandra"]
[Result "1-0"]
[Termination "normal"]
[Board "4"]
[WhiteElo "1769"]
[BlackElo "1662"]
[WhiteClock "00:48:42"]
[BlackClock "00:35:01"]
[PlyCount "35"]
[WhiteFideId "16208897"]
[BlackFideId "16217128"]
[EventCountry "GER"]
[EventRounds "9"]
[EventType "swiss"]
[EventDate "2019.06.08"]

1. e4 {[%clk 1:30:57]} 1... c5 {[%clk 1:30:53]} 2. Nf3 {[%clk 1:31:23]} 2... d6
{[%clk 1:31:17]} 3. d4 {[%clk 1:31:46]} 3... cxd4 {[%clk 1:31:43]} 4. Nxd4 {
[%clk 1:32:12]} 4... Nf6 {[%clk 1:32:05]} 5. Nc3 {[%clk 1:32:29]} 5... a6 {
[%clk 1:32:29]} 6. Bd3 {[%clk 1:31:48]} 6... e6 {[%clk 1:31:53]} 7. O-O { [%clk
1:31:08]} 7... Qc7 {[%clk 1:30:44]} 8. Kh1 {[%clk 1:27:54]} 8... b5 { [%clk
1:29:09]} 9. f4 {[%clk 1:22:08]} 9... Bb7 {[%clk 1:29:02]} 10. a3 { [%clk
1:17:16]} 10... Nbd7 {[%clk 1:26:47]} 11. Qf3 {[%clk 1:11:18]} 11... Nc5 {[%clk
1:23:31]} 12. Be3 {[%clk 1:06:30]} 12... d5 {[%clk 1:01:57]} 13. e5 { [%clk
1:02:40]} 13... Nfe4 {[%clk 0:54:35]} 14. f5 {[%clk 0:55:42]} 14... Nxc3 {[%clk
0:40:30]} 15. bxc3 {[%clk 0:53:27]} 15... Qe7 {[%clk 0:36:29]} 16. fxe6 {[%clk
0:49:36]} 16... fxe6 {[%clk 0:35:28]} 17. Qh5+ {[%clk 0:48:43]} 17... Kd8
{[%clk 0:35:01]} 18. Bg5 {[%clk 0:48:42]} 1-0

[Event "DEM U16w 2019"]
[Site "Willingen GER"]
[Date "2019.06.09"]
[Round "2"]
[White "Rothenberg, Nina"]
[Black "Basovskiy, Jana"]
[Result "1-0"]
[Termination "normal"]
[Board "5"]
[WhiteElo "1653"]
[BlackElo "1761"]
[WhiteClock "00:33:00"]
[BlackClock "00:03:10"]
[PlyCount "109"]
[WhiteFideId "16208943"]
[BlackFideId "16208617"]
[EventCountry "GER"]
[EventRounds "9"]
[EventType "swiss"]
[EventDate "2019.06.08"]

1. e4 {[%clk 1:30:59]} 1... c5 {[%clk 1:30:56]} 2. Nc3 {[%clk 1:31:25]} 2... e6
{[%clk 1:31:24]} 3. g3 {[%clk 1:31:51]} 3... Nc6 {[%clk 1:31:50]} 4. Bg2 {
[%clk 1:32:06]} 4... Nf6 {[%clk 1:31:19]} 5. d3 {[%clk 1:31:26]} 5... Be7 {
[%clk 1:30:53]} 6. f4 {[%clk 1:31:34]} 6... d5 {[%clk 1:30:50]} 7. e5 { [%clk
1:31:19]} 7... Nd7 {[%clk 1:31:10]} 8. Nf3 {[%clk 1:30:35]} 8... Rb8 { [%clk
1:26:23]} 9. a4 {[%clk 1:26:08]} 9... a6 {[%clk 1:26:16]} 10. O-O { [%clk
1:23:22]} 10... O-O {[%clk 1:23:54]} 11. d4 {[%clk 1:19:42]} 11... cxd4 { [%clk
1:21:51]} 12. Ne2 {[%clk 1:16:59]} 12... Bc5 {[%clk 1:15:06]} 13. Nfxd4 { [%clk
1:13:52]} 13... b5 {[%clk 1:10:02]} 14. axb5 {[%clk 1:11:18]} 14... axb5 {[%clk
1:06:55]} 15. Kh1 {[%clk 1:08:51]} 15... Nxd4 {[%clk 1:00:33]} 16. Nxd4 {[%clk
1:07:24]} 16... Qb6 {[%clk 1:00:56]} 17. Nb3 {[%clk 1:04:20]} 17... Be7 {[%clk
0:57:34]} 18. Qe2 {[%clk 1:01:24]} 18... Nc5 {[%clk 0:50:23]} 19. Be3 { [%clk
0:56:08]} 19... Qc7 {[%clk 0:49:29]} 20. Nd4 {[%clk 0:50:04]} 20... Bd7 { [%clk
0:47:08]} 21. Ra2 {[%clk 0:47:34]} 21... Na4 {[%clk 0:41:28]} 22. Rfa1 { [%clk
0:44:59]} 22... Rfc8 {[%clk 0:39:33]} 23. Qd2 {[%clk 0:43:04]} 23... Nb6 {[%clk
0:28:20]} 24. b3 {[%clk 0:41:52]} 24... Rb7 {[%clk 0:23:44]} 25. Bf1 { [%clk
0:40:35]} 25... Bc5 {[%clk 0:08:07]} 26. Nxb5 {[%clk 0:39:42]} 26... Bxe3
{[%clk 0:07:39]} 27. Qxe3 {[%clk 0:39:59]} 27... Bxb5 {[%clk 0:08:06]} 28. Bxb5
{[%clk 0:40:13]} 28... Rbb8 {[%clk 0:07:43]} 29. Bd3 {[%clk 0:37:22]} 29... g6
{[%clk 0:05:40]} 30. Qd4 {[%clk 0:34:17]} 30... Nd7 {[%clk 0:02:47]} 31. Ra7 {
[%clk 0:33:00]} 31... Qc5 {[%clk 0:03:10]} 32. Qb2 Nf8 33. Qa3 Qxa3 34. R1xa3
Rd8 35. Re7 Rd7 36. Ra7 Rxa7 37. Rxa7 h6 38. h4 Rd8 39. Kg2 Nd7 40. Kf3 Nc5 41.
Ke3 Rd7 42. Rxd7 Nxd7 43. Kd4 Kf8 44. Bb5 Nb6 45. c4 dxc4 46. Bxc4 Ke8 47. Kc5
Nc8 48. Bd3 Kd7 49. Be4 Ne7 50. b4 Kc7 51. b5 Kb8 52. b6 Kc8 53. Kd6 Nd5 54.
Bxd5 exd5 55. Ke7 1-0

[Event "DEM U16w 2019"]
[Site "Willingen GER"]
[Date "2019.06.09"]
[Round "2"]
[White "Sokolowski, Judith"]
[Black "Fock, Amina"]
[Result "0-1"]
[Termination "normal"]
[Board "6"]
[WhiteElo "1749"]
[BlackElo "1723"]
[WhiteClock "00:03:35"]
[BlackClock "00:30:40"]
[PlyCount "110"]
[WhiteFideId "16200624"]
[BlackFideId "12981982"]
[EventCountry "GER"]
[EventRounds "9"]
[EventType "swiss"]
[EventDate "2019.06.08"]

1. e4 {[%clk 1:30:58]} 1... c5 {[%clk 1:30:56]} 2. c3 {[%clk 1:31:24]} 2... d5
{[%clk 1:31:14]} 3. exd5 {[%clk 1:31:50]} 3... Qxd5 {[%clk 1:31:38]} 4. d4 {
[%clk 1:32:13]} 4... cxd4 {[%clk 1:31:57]} 5. cxd4 {[%clk 1:31:44]} 5... Nc6 {
[%clk 1:32:15]} 6. Be3 {[%clk 1:27:27]} 6... e6 {[%clk 1:31:52]} 7. Nf3 { [%clk
1:26:54]} 7... Nf6 {[%clk 1:31:53]} 8. Nc3 {[%clk 1:25:46]} 8... Qd8 { [%clk
1:31:53]} 9. a3 {[%clk 1:23:25]} 9... Be7 {[%clk 1:30:13]} 10. Bd3 { [%clk
1:23:06]} 10... O-O {[%clk 1:28:53]} 11. O-O {[%clk 1:22:47]} 11... b6 { [%clk
1:28:33]} 12. Qe2 {[%clk 1:11:16]} 12... a6 {[%clk 1:23:00]} 13. Rfd1 { [%clk
1:08:33]} 13... Bb7 {[%clk 1:21:08]} 14. Rac1 {[%clk 1:05:24]} 14... Nd5 {[%clk
1:13:11]} 15. Qc2 {[%clk 0:59:49]} 15... Nxe3 {[%clk 1:10:42]} 16. fxe3 {[%clk
0:55:03]} 16... g6 {[%clk 1:09:54]} 17. Qf2 {[%clk 0:47:21]} 17... Bf6 { [%clk
1:03:42]} 18. Ne4 {[%clk 0:44:25]} 18... Bg7 {[%clk 1:02:34]} 19. Qg3 { [%clk
0:38:15]} 19... Ne7 {[%clk 0:53:46]} 20. Qc7 {[%clk 0:31:49]} 20... Bxe4 {[%clk
0:47:01]} 21. Bxe4 {[%clk 0:26:53]} 21... Nd5 {[%clk 0:46:39]} 22. Qxd8 {[%clk
0:25:53]} 22... Raxd8 {[%clk 0:46:50]} 23. Rc6 {[%clk 0:21:04]} 23... Nxe3
{[%clk 0:39:18]} 24. Rd3 {[%clk 0:17:37]} 24... Nd5 {[%clk 0:37:31]} 25. Bxd5
{[%clk 0:15:58]} 25... Rxd5 {[%clk 0:37:46]} 26. Rb3 {[%clk 0:09:55]} 26... a5
{[%clk 0:33:38]} 27. Rbxb6 {[%clk 0:07:42]} 27... Bxd4+ { [%clk 0:32:40]} 28.
Nxd4 {[%clk 0:08:08]} 28... Rxd4 {[%clk 0:32:59]} 29. Rc2 { [%clk 0:04:27]}
29... a4 {[%clk 0:31:02]} 30. b3 {[%clk 0:03:14]} 30... axb3 { [%clk 0:30:55]}
31. Rxb3 {[%clk 0:03:35]} 31... Ra8 {[%clk 0:30:40]} 32. Rcb2 Kg7 33. Re2 Rd5
34. Kf2 Kf6 35. Ree3 Rd2+ 36. Kf3 Ra5 37. Re4 Rf5+ 38. Ke3 Rxg2 39. Rh4 h5 40.
a4 Kg5 41. Rh3 Kg4 42. Kd4 Rf4+ 43. Ke5 Rxa4 44. Rbf3 Ra5+ 45. Kf6 Rf5+ 46.
Rxf5 exf5 47. Rc3 Rxh2 48. Kxf7 g5 49. Rc1 f4 50. Rg1+ Kh4 51. Kf6 g4 52. Kf5
f3 53. Kf4 f2 54. Rf1 g3 55. Kf3 g2 0-1

[Event "DEM U16w 2019"]
[Site "Willingen GER"]
[Date "2019.06.09"]
[Round "2"]
[White "Ziegenfuß, Larissa"]
[Black "Wucherer, Sophie"]
[Result "1-0"]
[Termination "normal"]
[Board "7"]
[WhiteElo "1771"]
[BlackElo "1496"]
[WhiteClock "00:16:47"]
[BlackClock "00:09:03"]
[PlyCount "61"]
[WhiteFideId "12974722"]
[BlackFideId "16225473"]
[EventCountry "GER"]
[EventRounds "9"]
[EventType "swiss"]
[EventDate "2019.06.08"]

1. e4 {[%clk 1:30:58]} 1... c5 {[%clk 1:30:54]} 2. Nf3 {[%clk 1:31:11]} 2... e6
{[%clk 1:30:53]} 3. d4 {[%clk 1:31:35]} 3... cxd4 {[%clk 1:31:13]} 4. Nxd4 {
[%clk 1:31:58]} 4... a6 {[%clk 1:31:34]} 5. Bd3 {[%clk 1:31:07]} 5... Nf6 {
[%clk 1:29:58]} 6. O-O {[%clk 1:29:48]} 6... Qc7 {[%clk 1:30:22]} 7. Qe2 {
[%clk 1:25:14]} 7... d6 {[%clk 1:30:19]} 8. c4 {[%clk 1:22:53]} 8... b6 { [%clk
1:25:10]} 9. Nd2 {[%clk 1:19:31]} 9... Nbd7 {[%clk 1:20:04]} 10. b3 { [%clk
1:15:44]} 10... Be7 {[%clk 1:19:22]} 11. Bb2 {[%clk 1:13:53]} 11... O-O { [%clk
1:12:37]} 12. f4 {[%clk 1:09:11]} 12... Bb7 {[%clk 1:09:38]} 13. f5 { [%clk
1:04:10]} 13... exf5 {[%clk 0:52:11]} 14. Nxf5 {[%clk 0:59:13]} 14... Bd8
{[%clk 0:45:25]} 15. Rae1 {[%clk 0:43:32]} 15... Re8 {[%clk 0:44:28]} 16. Qf3 {
[%clk 0:38:06]} 16... Ne5 {[%clk 0:14:48]} 17. Qe2 {[%clk 0:26:53]} 17... Rc8 {
[%clk 0:12:53]} 18. Bb1 {[%clk 0:24:40]} 18... Qb8 {[%clk 0:12:55]} 19. Ba3 {
[%clk 0:22:40]} 19... Bc7 {[%clk 0:12:24]} 20. Qf2 {[%clk 0:19:11]} 20... Re6 {
[%clk 0:09:11]} 21. Qg3 {[%clk 0:16:47]} 21... Ng6 {[%clk 0:09:03]} 22. e5 dxe5
23. Ne4 Nxe4 24. Bxe4 Bxe4 25. Rxe4 Rd8 26. h4 Qb7 27. Rfe1 Rd1 28. Qg4 Rxe1+
29. Rxe1 Qc8 30. h5 Rf6 31. Nh6+ 1-0

[Event "DEM U16w 2019"]
[Site "Willingen GER"]
[Date "2019.06.09"]
[Round "2"]
[White "Glinzner, Alva"]
[Black "Zell, Hannah"]
[Result "1-0"]
[Termination "normal"]
[Board "8"]
[WhiteElo "1810"]
[BlackElo "1494"]
[WhiteClock "00:29:29"]
[BlackClock "00:10:20"]
[PlyCount "82"]
[WhiteFideId "16206169"]
[BlackFideId "16208900"]
[EventCountry "GER"]
[EventRounds "9"]
[EventType "swiss"]
[EventDate "2019.06.08"]

1. e4 {[%clk 1:30:59]} 1... d5 {[%clk 1:30:51]} 2. exd5 {[%clk 1:31:25]} 2...
Nf6 {[%clk 1:31:16]} 3. d4 {[%clk 1:31:44]} 3... Nxd5 {[%clk 1:30:38]} 4. Nf3 {
[%clk 1:31:43]} 4... Bf5 {[%clk 1:26:54]} 5. c3 {[%clk 1:30:15]} 5... c6 {
[%clk 1:23:23]} 6. Be2 {[%clk 1:25:31]} 6... g6 {[%clk 1:21:01]} 7. O-O { [%clk
1:24:53]} 7... Bg7 {[%clk 1:20:15]} 8. Na3 {[%clk 1:24:26]} 8... O-O { [%clk
1:17:41]} 9. Nc4 {[%clk 1:24:13]} 9... Nd7 {[%clk 1:15:51]} 10. Ne3 { [%clk
1:20:32]} 10... Be4 {[%clk 1:06:35]} 11. Ng5 {[%clk 1:17:39]} 11... N7f6 {[%clk
1:04:31]} 12. Nxe4 {[%clk 1:16:47]} 12... Nxe4 {[%clk 1:04:39]} 13. Bc4 {[%clk
1:16:03]} 13... e6 {[%clk 1:02:49]} 14. Ng4 {[%clk 1:11:39]} 14... h5 { [%clk
0:58:20]} 15. Ne5 {[%clk 1:08:43]} 15... Nd6 {[%clk 0:54:22]} 16. Bd3 { [%clk
1:06:27]} 16... Rc8 {[%clk 0:49:59]} 17. Qe2 {[%clk 1:04:33]} 17... b6 { [%clk
0:41:44]} 18. Nxg6 {[%clk 0:51:12]} 18... fxg6 {[%clk 0:34:08]} 19. Qxe6+
{[%clk 0:51:30]} 19... Kh8 {[%clk 0:29:30]} 20. Qxg6 {[%clk 0:51:23]} 20... Nf6
{[%clk 0:29:04]} 21. Bg5 {[%clk 0:50:18]} 21... Qe8 {[%clk 0:27:45]} 22. Bxf6 {
[%clk 0:49:07]} 22... Qxg6 {[%clk 0:27:59]} 23. Bxg6 {[%clk 0:49:35]} 23...
Rxf6 {[%clk 0:27:48]} 24. Bxh5 {[%clk 0:49:59]} 24... Kh7 {[%clk 0:26:47]} 25.
Rae1 {[%clk 0:49:24]} 25... Rc7 {[%clk 0:25:07]} 26. f4 {[%clk 0:48:42]} 26...
Bf8 {[%clk 0:24:21]} 27. Bf3 {[%clk 0:45:39]} 27... Rxf4 {[%clk 0:20:14]} 28.
Bxc6 {[%clk 0:45:03]} 28... Bh6 {[%clk 0:18:24]} 29. Bf3 {[%clk 0:44:41]} 29...
Nc4 {[%clk 0:18:07]} 30. Re2 {[%clk 0:39:12]} 30... Rff7 {[%clk 0:17:11]} 31.
Rfe1 {[%clk 0:34:31]} 31... Nd6 {[%clk 0:12:25]} 32. Re6 {[%clk 0:33:56]} 32...
Nc8 {[%clk 0:11:06]} 33. Be4+ {[%clk 0:34:14]} 33... Kg7 {[%clk 0:10:35]} 34.
Rg6+ {[%clk 0:34:26]} 34... Kh7 {[%clk 0:09:47]} 35. Rxb6+ {[%clk 0:34:21]}
35... Kg7 {[%clk 0:10:02]} 36. Rg6+ {[%clk 0:34:30]} 36... Kh7 {[%clk 0:10:20]}
37. g3 {[%clk 0:29:29]} 37... Rce7 38. Rc6+ Rxe4 39. Rxe4 Nb6 40. Rce6 Nd5 41.
c4 Nb4 1-0

[Event "DEM U16w 2019"]
[Site "Willingen GER"]
[Date "2019.06.09"]
[Round "2"]
[White "Schneider, Katharina"]
[Black "Dietz, Helena"]
[Result "1-0"]
[Termination "normal"]
[Board "10"]
[WhiteElo "1784"]
[BlackElo "1534"]
[WhiteClock "00:19:51"]
[BlackClock "00:07:14"]
[PlyCount "69"]
[WhiteFideId "16200519"]
[BlackFideId "16239016"]
[EventCountry "GER"]
[EventRounds "9"]
[EventType "swiss"]
[EventDate "2019.06.08"]

1. e4 {[%clk 1:30:58]} 1... d6 {[%clk 1:30:52]} 2. Bc4 {[%clk 1:31:21]} 2...
Nf6 {[%clk 1:30:49]} 3. d3 {[%clk 1:31:34]} 3... g6 {[%clk 1:30:38]} 4. Nc3 {
[%clk 1:31:51]} 4... Bg7 {[%clk 1:29:33]} 5. f4 {[%clk 1:31:41]} 5... O-O {
[%clk 1:28:41]} 6. Nf3 {[%clk 1:31:29]} 6... c5 {[%clk 1:21:55]} 7. O-O { [%clk
1:26:23]} 7... Na6 {[%clk 1:04:47]} 8. Qe1 {[%clk 1:17:49]} 8... Nc7 { [%clk
0:58:06]} 9. Qh4 {[%clk 1:05:47]} 9... e6 {[%clk 0:47:04]} 10. Bb3 { [%clk
0:54:57]} 10... Rb8 {[%clk 0:44:48]} 11. Ng5 {[%clk 0:48:10]} 11... h6 { [%clk
0:41:53]} 12. Nh3 {[%clk 0:46:22]} 12... Nh5 {[%clk 0:34:02]} 13. Qg4 { [%clk
0:41:12]} 13... Nf6 {[%clk 0:33:16]} 14. Qf3 {[%clk 0:37:33]} 14... b5 { [%clk
0:31:30]} 15. g4 {[%clk 0:29:30]} 15... Nh7 {[%clk 0:22:49]} 16. Qg3 { [%clk
0:23:00]} 16... Bd4+ {[%clk 0:14:47]} 17. Kh1 {[%clk 0:21:55]} 17... Qf6 {[%clk
0:12:54]} 18. Bd2 {[%clk 0:20:11]} 18... b4 {[%clk 0:12:17]} 19. Na4 { [%clk
0:20:26]} 19... Bxb2 {[%clk 0:12:07]} 20. Nxb2 {[%clk 0:20:52]} 20... Qxb2
{[%clk 0:12:28]} 21. f5 {[%clk 0:20:52]} 21... g5 {[%clk 0:07:14]} 22. Qxd6
{[%clk 0:19:51]} 22... Na6 23. fxe6 Rb6 24. exf7+ Kg7 25. Qg3 Rf6 26. Rae1 Be6
27. Rxf6 Qxf6 28. e5 Qe7 29. Nf2 Qxf7 30. Ne4 Qe7 31. Be3 Bd7 32. d4 Bc6 33. d5
Bb7 34. Kg1 Rc8 35. Nd6 1-0

[Event "DEM U16w 2019"]
[Site "Willingen GER"]
[Date "2019.06.09"]
[Round "2"]
[White "Stowicek, Yara Mathilda"]
[Black "Huppert, Anna"]
[Result "1/2-1/2"]
[Termination "normal"]
[Board "11"]
[WhiteElo "1692"]
[BlackElo "1515"]
[WhiteClock "00:20:57"]
[BlackClock "00:14:09"]
[PlyCount "118"]
[WhiteFideId "16203569"]
[BlackFideId "16214439"]
[EventCountry "GER"]
[EventRounds "9"]
[EventType "swiss"]
[EventDate "2019.06.08"]

1. e4 {[%clk 1:30:57]} 1... e6 {[%clk 1:30:55]} 2. d4 {[%clk 1:31:22]} 2... d5
{[%clk 1:31:21]} 3. Nd2 {[%clk 1:31:41]} 3... Nf6 {[%clk 1:31:45]} 4. e5 {
[%clk 1:31:57]} 4... Nfd7 {[%clk 1:32:09]} 5. Bd3 {[%clk 1:32:06]} 5... c5 {
[%clk 1:32:30]} 6. c3 {[%clk 1:32:17]} 6... Nc6 {[%clk 1:32:52]} 7. Ne2 { [%clk
1:32:25]} 7... cxd4 {[%clk 1:33:15]} 8. cxd4 {[%clk 1:32:35]} 8... f6 { [%clk
1:33:38]} 9. exf6 {[%clk 1:32:40]} 9... Nxf6 {[%clk 1:33:57]} 10. Nf3 { [%clk
1:32:28]} 10... Bd6 {[%clk 1:34:04]} 11. O-O {[%clk 1:32:24]} 11... Qc7 { [%clk
1:33:15]} 12. Nc3 {[%clk 1:31:06]} 12... a6 {[%clk 1:33:23]} 13. Bg5 { [%clk
1:30:25]} 13... O-O {[%clk 1:33:37]} 14. Re1 {[%clk 1:28:42]} 14... Bd7 { [%clk
1:29:23]} 15. Rc1 {[%clk 1:26:19]} 15... Rae8 {[%clk 1:19:18]} 16. Bb1 { [%clk
1:22:05]} 16... Re7 {[%clk 1:04:53]} 17. Bh4 {[%clk 1:18:22]} 17... Be8 { [%clk
1:00:13]} 18. Bg3 {[%clk 1:14:22]} 18... Bxg3 {[%clk 0:55:35]} 19. hxg3 { [%clk
1:14:33]} 19... Bh5 {[%clk 0:53:50]} 20. Na4 {[%clk 1:10:15]} 20... Qd6 { [%clk
0:52:03]} 21. Qd2 {[%clk 0:59:15]} 21... e5 {[%clk 0:45:59]} 22. dxe5 { [%clk
0:53:39]} 22... Nxe5 {[%clk 0:45:33]} 23. Nxe5 {[%clk 0:52:08]} 23... Rxe5
{[%clk 0:45:04]} 24. Rxe5 {[%clk 0:50:12]} 24... Qxe5 {[%clk 0:45:19]} 25. Nc5
{[%clk 0:49:23]} 25... Qe7 {[%clk 0:43:29]} 26. Bf5 {[%clk 0:44:50]} 26... Bf7
{[%clk 0:42:03]} 27. Qb4 {[%clk 0:41:24]} 27... Qe5 {[%clk 0:33:48]} 28. Bd3
{[%clk 0:38:38]} 28... Rb8 {[%clk 0:29:01]} 29. Re1 {[%clk 0:28:16]} 29... Qc7
{[%clk 0:24:57]} 30. Bf5 {[%clk 0:24:32]} 30... a5 {[%clk 0:18:31]} 31. Qd4
{[%clk 0:20:57]} 31... Kf8 {[%clk 0:14:09]} 32. g4 Re8 33. Rxe8+ Nxe8 34. Be6
Kg8 35. Qxd5 b6 36. Bxf7+ Qxf7 37. Qxf7+ Kxf7 38. Ne4 Kg6 39. Kf1 Nf6 40. Nxf6
gxf6 41. Ke2 Kg5 42. Kf3 a4 43. b3 b5 44. bxa4 bxa4 45. a3 h6 46. g3 h5 47.
gxh5 Kxh5 48. Kf4 Kg6 49. f3 f5 50. Ke5 Kg5 51. Kd4 Kf6 52. g4 fxg4 53. fxg4
Kg5 54. Kc4 Kxg4 55. Kb4 Kf5 56. Kxa4 Ke6 57. Kb5 Kd7 58. Kb6 Kc8 59. a4 Kb8
1/2-1/2

[Event "DEM U16w 2019"]
[Site "Willingen GER"]
[Date "2019.06.09"]
[Round "2"]
[White "Genova, Magdalina"]
[Black "Berelowitsch, Dana"]
[Result "0-1"]
[Termination "normal"]
[Board "12"]
[WhiteElo "1421"]
[BlackElo "1753"]
[WhiteClock "00:10:58"]
[BlackClock "00:15:03"]
[PlyCount "82"]
[WhiteFideId "2919753"]
[BlackFideId "12977144"]
[EventCountry "GER"]
[EventRounds "9"]
[EventType "swiss"]
[EventDate "2019.06.08"]

1. c4 {[%clk 1:30:56]} 1... e5 {[%clk 1:30:44]} 2. Nc3 {[%clk 1:31:20]} 2...
Bb4 {[%clk 1:30:55]} 3. Qb3 {[%clk 1:25:56]} 3... Nc6 {[%clk 1:30:29]} 4. e3 {
[%clk 1:25:58]} 4... Bxc3 {[%clk 1:28:58]} 5. Qxc3 {[%clk 1:26:20]} 5... Nf6 {
[%clk 1:28:47]} 6. g3 {[%clk 1:20:55]} 6... d5 {[%clk 1:26:28]} 7. d3 { [%clk
1:14:15]} 7... h5 {[%clk 1:13:04]} 8. h4 {[%clk 0:53:24]} 8... e4 { [%clk
1:03:59]} 9. Bg2 {[%clk 0:38:53]} 9... exd3 {[%clk 0:56:06]} 10. Qxd3 { [%clk
0:38:14]} 10... Ne5 {[%clk 0:54:42]} 11. Qc3 {[%clk 0:31:56]} 11... Nxc4 {[%clk
0:52:51]} 12. b3 {[%clk 0:32:00]} 12... Nd6 {[%clk 0:51:10]} 13. Ne2 { [%clk
0:29:43]} 13... Qe7 {[%clk 0:46:13]} 14. Ba3 {[%clk 0:27:18]} 14... O-O { [%clk
0:44:00]} 15. O-O {[%clk 0:27:42]} 15... Re8 {[%clk 0:36:48]} 16. Nf4 { [%clk
0:25:31]} 16... c6 {[%clk 0:30:39]} 17. Rfe1 {[%clk 0:19:46]} 17... Qd8 { [%clk
0:25:34]} 18. Bb2 {[%clk 0:19:37]} 18... Bf5 {[%clk 0:21:51]} 19. Bf3 { [%clk
0:14:38]} 19... Nde4 {[%clk 0:20:50]} 20. Qb4 {[%clk 0:11:31]} 20... Qd7 {[%clk
0:16:54]} 21. Nxh5 {[%clk 0:10:33]} 21... Nxh5 {[%clk 0:15:03]} 22. Bxh5 {[%clk
0:10:58]} 22... Bh3 23. Qd4 Nf6 24. Bf3 Qf5 25. Bh1 Qg6 26. Kh2 Bf5 27. Rad1
Ne4 28. Kg1 Bh3 29. Bg2 Bf5 30. Rc1 Re6 31. h5 Qg5 32. Kf1 Rh6 33. Bf3 Re8 34.
Kg2 Bg4 35. Rh1 c5 36. Qd3 Bxf3+ 37. Kxf3 Qf5+ 38. Ke2 Qxf2+ 39. Kd1 Qxb2 40.
Rc2 Qb1+ 41. Rc1 Qxd3+ 0-1